| 000 | 00438nam a2200145Ia 4500 | ||
|---|---|---|---|
| 999 |
_c22096 _d22096 |
||
| 082 | _aRR 651.2603 BUR-; THE B | ||
| 100 | _aBurger, Erich | ||
| 245 | 0 | _aTechnical dictionary of data processing.Computers office machines | |
| 260 |
_aOxford _bPergamon Press _c1970 |
||
| 300 | _a1463p. | ||
| 650 | _aElectronic data processing - Dictionaries | ||
| 650 | _aComputers - Dictionaries | ||
| 650 | _aTechnology - Dictionaries | ||
| 942 | _cBK | ||